000 00667nam a22002297a 4500
005 20170124110110.0
010 _aA-727989
020 _c75.00
_a817201662
035 _aA-727989
037 _bCen Lib/Ret
040 _aDPL
_bEN
082 _aS
_bHYD
100 _aHyder, Qurratulain
_927875
245 _aThe sound of falling leaves /
_cby Qurratulain Hyder
260 _aNew Delhi
_bSahita akademy
_c1994
270 _bNew Delhi
_aRabindra bhavan, 35 Frerozshah road
_e110001
300 _axv,249p.
_c21cm(Hb)
490 _aAward winning urdu short stories
650 _aLiterature
_96262
650 _aShort stories
_944
942 _2ddc
_cEN
_hS
_mHYD
999 _c130300
_d130300